| 000 | 01481nam a2200253 a 4500 | ||
|---|---|---|---|
| 001 | 000005388 | ||
| 005 | 20240305091016.0 | ||
| 008 | 090819s1999 sp ac r 001 0 spa d | ||
| 020 | _a8400078136 | ||
| 040 |
_aDO-SdBNP _bspa _cBNPHU |
||
| 082 |
_a634.8346 _bM385v |
||
| 100 | 1 |
_a Martínez Rodríguez, Ma. del Carmen, _q (María del Carmen) _967779 |
|
| 245 | 1 | 3 |
_aLa vid en el occidente del principado de Asturias : _bdescripción ampelográfica de las variedades / _cM. del Carmen Martínez Rodríguez, José Enrique Pérez Fernández, con la colaboración de Dolores Loureiro Rodríguez ; prefacio Jean-Michel Boursquot. |
| 260 |
_aMadrid : _bConsejo Superior de Investigaciones Científicas, _c1999. |
||
| 300 |
_a101 p. : _bil., retrs. _a28 cm. |
||
| 504 | _aBibliografía : p. 99-101. | ||
| 505 | 0 |
_gPréface / _rJean-Michel Boursquot -- _tLocalización geográfica y descripción de la zona -- _tAntecedentes históricos -- _tSituación actual -- _tPerspectivas de futuro -- _tLa ampelografía, origen y desarrollo -- _tDescripción ampelográfica de las variedades -- _tVariedades blancas -- _tVariedades tintas -- _tVariedades rosadas o rojas -- _tReferencias bibliográficas. |
|
| 650 | 4 |
_aViticultura _zEspaña _915294 |
|
| 650 | 4 |
_aUvas para vino _xVariedades _915295 |
|
| 700 | 1 |
_aPérez Fernández, José Enrique _915296 |
|
| 700 | 1 |
_aLoureiro Rodríguez, Dolores, _ecol. _915297 |
|
| 700 | 1 |
_aBoursquot, Jean-Michel, _epról. _915298 |
|
| 910 | _aValidado. Control de calidad. EMS | ||
| 999 |
_c5188 _d5188 |
||